Люди русской науки; Очерки о выдающихся деятелях естествознания и техники; Биология. Медицина. Сельскохоззяйственные науки

Bibliografiset tiedot
Muut tekijät: Кузнецов И. В. Иван Васильевич (редактор)
Yhteenveto:Исключено из фонда НТБ ТПУ
Kieli:venäjä
Julkaistu: Москва, Физико-математическая лит-ра, 1963
Aiheet:
Aineistotyyppi: Kirja
KOHA link:https://koha.lib.tpu.ru/cgi-bin/koha/opac-detail.pl?biblionumber=378077

MARC

LEADER 00000nam0a2200000 4500
001 378077
005 20240620161848.0
035 |a (RuTPU)RU\TPU\retro\35532 
035 |a RU\TPU\book\143772 
090 |a 378077 
100 |a 20230515d1963 m y0rusy50 ca 
101 0 |a rus 
102 |a RU 
105 |a c z 001zd 
200 1 |a Люди русской науки  |a Очерки о выдающихся деятелях естествознания и техники  |a Биология. Медицина. Сельскохоззяйственные науки  |f под ред. И. В. Кузнецова 
210 |a Москва  |c Физико-математическая лит-ра  |d 1963 
215 |a 896 с.  |c портр. 
320 |a Библиогр. в конце разд. 
333 |a Исключено из фонда НТБ ТПУ 
600 1 |a Бекетов  |b А. Н.  |c ботаник-эволюционист  |f 1825-1902  |g Андрей Николаевич  |c член-корреспондент Петербургской АН  |2 stltpush  |3 (RuTPU)RU\TPU\pers\7423 
600 1 |a Бэр  |g Карл Максимович  |b К. М.  |c естествоиспытатель, основатель эмбриологии  |f 1792-1876  |c Бэр Карл Эрнст  |2 stltpush  |3 (RuTPU)RU\TPU\pers\1368 
600 1 |a Паллас  |b П. С.  |c российский естествоиспытатель и путешественник  |c профессор естественной истории в Петербургской Академии наук (1767)  |f 1741-1811  |g Петр Симон  |2 stltpush  |3 (RuTPU)RU\TPU\pers\13580  |9 4187 
600 1 |a Северцов  |b Н. А.  |c русский зоолог  |c зоогеограф  |c путешественник  |f 1827-1885  |g Николай Алексеевич  |2 stltpush  |3 (RuTPU)RU\TPU\pers\13618  |9 4224 
600 1 |a Сеченов  |b И. М.  |f 1829-1905  |g Иван Михайлович  |c русский физиолог  |2 stltpush  |3 (RuTPU)RU\TPU\pers\4406 
600 1 |a Тимирязев  |b К. А.  |c русский естествоиспытатель  |c один из основоположников русской школы физиологов растений  |f 1843-1920  |g Климент Аркадьевич  |2 stltpush  |3 (RuTPU)RU\TPU\pers\12639  |9 3598 
600 1 |a Мечников  |b И. И.  |f 1845-1916  |g Илья Ильич  |c российский биолог  |c патолог  |2 stltpush  |3 (RuTPU)RU\TPU\pers\3917 
600 1 |a Павлов  |g Иван Петрович  |f 1849-1936  |b И. П.  |c российский физиолог  |c академик Петербургской АН  |2 stltpush  |3 (RuTPU)RU\TPU\pers\1293 
600 1 |a Мичурин  |b И. В.  |c российский биолог  |c селекционер  |f 1855-1935  |g Иван Владимирович  |2 stltpush  |3 (RuTPU)RU\TPU\pers\13429  |9 4084 
600 1 |a Бах  |b А. Н.  |f 1857-1946  |g Алексей Николаевич  |c российский биохимик  |2 stltpush  |3 (RuTPU)RU\TPU\pers\6736 
600 1 |a Холодковский  |b Н. А.  |c профессор зоологии Военно-медицинской академии (с 1892г.)  |c приват-доцент СПб университета (1887-1891 гг.)  |f 1858-?  |g Николай Александрович  |2 stltpush  |3 (RuTPU)RU\TPU\pers\22464 
600 1 |a Северцов  |b А. Н.  |f 1866-1936  |g Алексей Николаевич  |c российский биолог  |c акдемик АН СССР  |2 stltpush  |3 (RuTPU)RU\TPU\pers\6731 
600 1 |a Цвет  |b М. С.  |c ботаник  |f 1872-1919  |g Михаил Семенович  |2 stltpush  |3 (RuTPU)RU\TPU\pers\20473  |9 8227 
600 1 |a Боткин  |b С. П.  |c российский врач, терапевт  |f 1832-1889  |g Сергей Петрович  |2 stltpush  |3 (RuTPU)RU\TPU\pers\9287  |9 1842 
600 1 |a Бехтерев  |g Владимир Михайлович  |b В. М.  |c российский невролог, психиатр и психолог  |f 1857-1927  |2 stltpush  |3 (RuTPU)RU\TPU\pers\1283 
600 1 |a Семашко  |b Н. А.  |f 1874-1949  |g Николай Александрович  |c российский врач  |c академик АМН и АПН РСФСР  |2 stltpush  |3 (RuTPU)RU\TPU\pers\3921 
600 1 |a Бурденко  |b Н. Н.  |c российский хирург  |c основатель отечественной нейрохирургии  |f 1876-1946  |g Николай Нилович  |2 stltpush  |3 (RuTPU)RU\TPU\pers\15089  |9 5178 
600 1 |a Болотов  |b А. Т.  |c российский естествоиспытатель, писатель  |c один из основоположников агрономической науки,хозяйственного и статистического учета в России  |f 1738-1833  |g Андрей Тимофеевич  |2 stltpush  |3 (RuTPU)RU\TPU\pers\14378  |9 4759 
600 1 |a Прянишников  |b Д. Н.  |c русский биохимик и физиолог  |c основатель агрохимической школы  |f 1865-1948  |g Дмитрий Николаевич  |2 stltpush  |3 (RuTPU)RU\TPU\pers\15031  |9 5133 
675 |a 57(09)  |v 3 
675 |a 61(09)  |v 3 
675 |a 63(09)  |v 3 
702 1 |a Кузнецов  |b И. В.  |g Иван Васильевич  |4 340 
801 1 |a RU  |b 63413507  |c 20080306  |g PSBO 
801 2 |a RU  |b 63413507  |c 20230515  |g PSBO 
942 |c BK